Guess the One Direction song with no hints #12 - Statistics

General Stats
  • This quiz has been taken 55 times
  • The average score is 188 of 340
Answer Stats
Answer % Correct
you
96%
And
89%
and
89%
be
89%
the
89%
(The
89%
to
89%
you're
87%
in
84%
is
84%
is)
84%
it
84%
We
84%
we
84%
When
84%
(When
84%
it's
82%
where
80%
for
78%
Don't
76%
don't
76%
So
76%
know
73%
(Oh,
73%
oh;
73%
then
73%
we're
73%
were
73%
We're
73%
what
73%
can
71%
yeah
71%
Yeah,
71%
yeah,
71%
But
69%
(But
69%
that
67%
That
67%
us
67%
us,
67%
this,
64%
this
64%
all
62%
got
62%
our
60%
than
60%
been
58%
How
58%
if
58%
up
58%
up,
58%
will
58%
say
56%
we'll
56%
more
53%
more,
53%
time
53%
make
51%
Make
51%
out
51%
take,
47%
take
47%
Think
47%
we've
47%
everything
44%
nothing
44%
there's
44%
(There's
44%
change
40%
change)
40%
going
40%
Gotta
40%
look
40%
mis—
40%
old
40%
same
40%
Same
40%
same)
40%
something
40%
end
38%
making
38%
only
38%
before
36%
before,
36%
mistakes
36%
mistakes)
36%
okay
36%
okay)
36%
Or
36%
gonna
33%
minds
33%
that's
33%
While
33%
Closer,
31%
closer,
31%
falling
31%
granted
31%
play,
31%
play
31%
wait,
31%
wait
31%
back
29%
behind
29%
Circles,
29%
circles,
29%
games
29%
maybe
29%
Maybe
29%
need
29%
through
29%
again
27%
Find
27%
fix
27%
fix)
27%
looking
27%
takes
27%
without
27%
crazy
24%
(Crazy
24%
discover
24%
each
24%
makes
24%
other
24%
went
24%
wrong
24%
broke
22%
pray,
22%
pray
22%
both
20%
dizzy's
20%
else
20%
blamin'
18%
Wake
18%
wake
18%
face
16%
nothing's
16%
stronger
11%
learning
9%
No matching quizzes found
Score Distribution
Percent of People with Each Score
Percentile by Number Answered
Your Score History
You have not taken this quiz